| 000 | 012610000a22002650004500 | ||
|---|---|---|---|
| 003 | EG-GICUC | ||
| 005 | 20250223030038.0 | ||
| 008 | 090901s1978 ua b f m 000 0 ara d | ||
| 040 |
_aEG-GiCUC _bara _cEG-GiCUC |
||
| 041 | 0 | _aara | |
| 049 | _aايداع | ||
| 097 | _aماجستير | ||
| 099 | _aCai01.16.05.M.Sc.1978.اح.س | ||
| 100 | 0 | _aاحمد يوسف السيد احمد القرعى | |
| 245 | 1 | 0 |
_aسياسة مصر الخارجية تجاه تصفية الاستعمار البرتغالى والنظم العنصرية فى افريقيا 1952-1967 / _cاحمد يوسف السيد احمد القرعى ؛ اشراف عبدالملك عودة : سلوى محمد لبيب |
| 260 |
_aالقاهرة : _bاحمد يوسف السيد احمد القرعى : _c1978 |
||
| 300 |
_a303ورقة : _bخرائط ؛ _c30سم |
||
| 502 | _aاطروحة(ماجستير) - جامعة القاهرة - معهد البحوث والدراسات الافريقية - قسم النظم السياسية | ||
| 700 | 0 |
_aسلوى محمد لبيب : _eمشرف مساعد |
|
| 700 | 0 |
_aعبدالملك عودة : _eمشرف |
|
| 856 | _uhttp://172.23.153.220/th.pdf | ||
| 905 |
_aMustafa _eRevisor |
||
| 905 |
_aSamia _eCataloger |
||
| 942 |
_2ddc _cTH |
||
| 999 |
_c26252 _d26252 |
||